[Event "GER-ch U10"]
[Site "Willingen"]
[Date "2020.10.28"]
[Round "3"]
[White "Ahlers, Quentin"]
[Black "Thuemler, Floris"]
[Result "0-1"]
[WhiteElo "1425"]
[BlackElo "1295"]
[PlyCount "76"]
[EventDate "2020.10.26"]
[EventType "swiss"]
[EventRounds "7"]
[EventCountry "GER"]
[SourceTitle "CBM 199 Extra"]
[Source "ChessBase"]
[SourceDate "2021.01.31"]
[SourceVersion "1"]
[SourceVersionDate "2021.01.31"]
[SourceQuality "1"]

1. e4 d6 2. d4 Nf6 3. Nc3 g6 4. Nf3 Bg7 5. Bc4 Nxe4 6. Bxf7+ Kxf7 7. Nxe4 Rf8 8. Bf4 Kg8 9. Qd2 Nd7 10. 0-0-0 Qe8 11. Bh6 e5 12. Bxg7 Kxg7 13. d5 Nf6 14. Nxf6 Rxf6 15. Rhe1 Bg4 16. Qd3 Qf7 17. Re3 Rf8 18. Ng5 Qe7 19. f3 Bf5 20. Ne4 R6f7 21. Rf1 Bxe4 22. Rxe4 Qg5+ 23. Qd2 Qf5 24. b3 Qxe4 25. fxe4 Rxf1+ 26. Kb2 R8f4 27. Qc3 Rf7 28. Qb4 b6 29. Qd2 R1f2 30. Qg5 Re2 31. Qg4 Ref2 32. a3 h5 33. Qg5 Re2 34. h4 Rxe4 35. c4 Rg4 36. Qd8 Rxg2+ 37. Kc3 a5 38. a4 Rf3# 0-1

[Event "GER-ch U10"]
[Site "Willingen"]
[Date "2020.10.27"]
[Round "1"]
[White "Ahlers, Quentin"]
[Black "Uyar, Levin"]
[Result "0-1"]
[WhiteElo "1425"]
[BlackElo "1471"]
[PlyCount "52"]
[EventDate "2020.10.26"]
[EventType "swiss"]
[EventRounds "7"]
[EventCountry "GER"]
[SourceTitle "CBM 199 Extra"]
[Source "ChessBase"]
[SourceDate "2021.01.31"]
[SourceVersion "1"]
[SourceVersionDate "2021.01.31"]
[SourceQuality "1"]

1. e4 e5 2. Nf3 Nc6 3. Bc4 Nf6 4. d3 Bc5 5. c3 d6 6. a4 a5 7. 0-0 0-0 8. Re1 Be6 9. Bxe6 fxe6 10. h3 Qd7 11. d4 Bb6 12. dxe5 Nxe5 13. Nxe5 dxe5 14. Qc2 Rad8 15. Bg5 Qd6 16. Nd2 Bxf2+ 17. Kxf2 Nxe4+ 18. Kg1 Nxg5 19. Ne4 Qe7 20. Nxg5 Qxg5 21. Qb3 Rd2 22. Qxb7 Rff2 23. Qc8+ Kf7 24. Qxc7+ Kg6 25. Qc6 Rxg2+ 26. Qxg2 Qxg2# 0-1

[Event "Hannover Region-ch U10"]
[Site "Lehrte"]
[Date "2019.10.05"]
[Round "7.1"]
[White "Kiefer, Eric"]
[Black "Ahlers, Quentin"]
[Result "0-1"]
[WhiteElo "883"]
[BlackElo "1161"]
[PlyCount "96"]
[EventDate "2019.10.03"]
[EventType "swiss"]
[EventRounds "11"]
[EventCountry "GER"]
[SourceTitle "EXT 2024"]
[Source "ChessBase"]
[SourceDate "2023.10.10"]
[SourceVersion "1"]
[SourceVersionDate "2023.10.10"]
[SourceQuality "1"]

1. e4 e5 2. Nf3 Nc6 3. Nc3 Nf6 4. Bc4 Bc5 5. 0-0 0-0 6. d3 h6 7. h3 d6 8. Be3 Bb6 9. Re1 Re8 10. Qe2 Be6 11. Bb3 Nd4 12. Qd1 Nh5 13. Rc1 Qf6 14. Nd2 Nf4 15. Rb1 Nxb3 16. Nxb3 Qg6 17. Bxf4 exf4 18. Qf3 Qg3 19. Qxg3 fxg3 20. Kf1 Bxf2 21. Re2 f6 22. Nd1 Bb6 23. Ne3 Bf7 24. Nf5 Bf2 25. Ra1 Bh5 26. Rd2 g6 27. Nxh6+ Kg7 28. Ng4 Bxg4 29. hxg4 Rh8 30. Ke2 Rh4 31. Kf3 Rah8 32. Rdd1 Kh6 33. Rh1 Kg5 34. Rxh4 Rxh4 35. Nd2 Rxg4 36. e5 Rf4+ 37. Ke2 dxe5 38. Ne4+ Kg4 39. Rf1 Bb6 40. Rf3 Rxf3 41. gxf3+ Kf4 42. Kf1 f5 43. Nf6 Kxf3 44. d4 g2+ 45. Ke1 g1Q+ 46. Kd2 Qe3+ 47. Kd1 Qe2+ 48. Kc1 Qe1# 0-1

[Event "Niedersachsen-ch op C"]
[Site "Verden"]
[Date "2019.01.05"]
[Round "6"]
[White "Ahlers, Quentin"]
[Black "Lu, Yunong Elias"]
[Result "1-0"]
[WhiteElo "1229"]
[BlackElo "975"]
[PlyCount "49"]
[EventDate "2019.01.03"]
[EventType "swiss"]
[EventRounds "7"]
[EventCountry "GER"]
[SourceTitle "EXT 2022"]
[Source "ChessBase"]
[SourceDate "2021.10.06"]
[SourceVersion "1"]
[SourceVersionDate "2021.10.06"]
[SourceQuality "1"]

1. e4 e5 2. Nf3 Nc6 3. Bc4 Bc5 4. d3 Nf6 5. Nc3 d6 6. h3 0-0 7. Be3 Bb6 8. Qd2 h6 9. 0-0-0 a5 10. g4 Bxe3 11. Qxe3 Nh7 12. Rhg1 Ng5 13. h4 Nxf3 14. Qxf3 Qxh4 15. Nd5 Nd4 16. Qe3 Bxg4 17. Rh1 Qg5 18. Qxg5 hxg5 19. Rde1 Rfe8 20. Nxc7 Bf3 21. Rh2 Bg4 22. Reh1 g6 23. Rh8+ Kg7 24. R1h7+ Kf6 25. Rxf7# 1-0

[Event "Hannover Bezirk-ch U10"]
[Site "Lehrte"]
[Date "2017.10.31"]
[Round "11.6"]
[White "Ahlers, Quentin"]
[Black "Schmidt, Anton"]
[Result "1-0"]
[WhiteElo "796"]
[BlackElo "2128"]
[PlyCount "76"]
[EventDate "2017.10.28"]
[EventType "swiss"]
[EventRounds "11"]
[EventCountry "GER"]
[SourceTitle "EXT 2022"]
[Source "ChessBase"]
[SourceDate "2021.10.06"]
[SourceVersion "1"]
[SourceVersionDate "2021.10.06"]
[SourceQuality "1"]

1. e4 e5 2. Nf3 Nc6 3. Bc4 Bc5 4. 0-0 Nf6 5. Nc3 d6 6. d3 Nd4 7. Nxd4 Bxd4 8. Bg5 Bxc3 9. Bxf6 gxf6 10. bxc3 Qe7 11. Qh5 Qf8 12. Rfe1 Qg7 13. g3 Qg6 14. Qf3 Bg4 15. Qe3 a6 16. Qc1 f5 17. Qb2 Rb8 18. Bxa6 b6 19. Qb5+ Kf8 20. Qc6 fxe4 21. dxe4 Re8 22. Bb5 Re7 23. Rab1 Bd7 24. Qc4 Bxb5 25. Qxb5 f5 26. exf5 Qxf5 27. Rb2 Qd7 28. Re3 Kf7 29. Rf3+ Ke6 30. Qxd7+ Kxd7 31. Rd3 Kc6 32. Rd1 e4 33. Rbb1 e3 34. fxe3 Rxe3 35. Kg2 Rxc3 36. Rdc1 Re8 37. Rb3 Rxb3 38. axb3 Re2+ 1-0

[Event "Hannover Bezirk-ch U10"]
[Site "Lehrte"]
[Date "2017.10.30"]
[Round "7.1"]
[White "Kieselbach, Jannik"]
[Black "Ahlers, Quentin"]
[Result "1-0"]
[WhiteElo "1161"]
[BlackElo "796"]
[PlyCount "95"]
[EventDate "2017.10.28"]
[EventType "swiss"]
[EventRounds "11"]
[EventCountry "GER"]
[SourceTitle "EXT 2022"]
[Source "ChessBase"]
[SourceDate "2021.10.06"]
[SourceVersion "1"]
[SourceVersionDate "2021.10.06"]
[SourceQuality "1"]

1. d4 d5 2. e3 e6 3. Bd3 Nc6 4. c3 Bd6 5. Nd2 Nf6 6. f4 0-0 7. Ngf3 g6 8. 0-0 Qd7 9. Ne5 Bxe5 10. dxe5 Nh5 11. Be2 Ng7 12. Rf3 Ne8 13. Rh3 Ne7 14. Bd3 f5 15. Qe1 Ng7 16. Qh4 Nh5 17. Be2 Nc6 18. Bxh5 gxh5 19. Qxh5 b6 20. Nf3 Rf7 21. Bd2 Rg7 22. Ng5 Bb7 23. Rf1 Re8 24. Rff3 Rg6 25. Rfg3 a5 26. Nxh7 Rxg3 27. Nf6+ Kf8 28. Nxd7+ Ke7 29. Qh7+ Kd8 30. Rxg3 Re7 31. Rg8+ Kxd7 32. Rg7 Rxg7 33. Qxg7+ Kd8 34. Qf6+ Kc8 35. Qxe6+ Kd8 36. Qxf5 Ne7 37. Qf6 Kd7 38. e6+ Kd6 39. Qe5+ Kc5 40. Qxc7+ Nc6 41. Qxb7 d4 42. exd4+ Nxd4 43. cxd4+ Kxd4 44. e7 Kd3 45. e8Q Kxd2 46. Qbc6 Kd1 47. Qc3 b5 48. Qee1# 1-0

[Event "Hannover Bezirk-ch U10"]
[Site "Lehrte"]
[Date "2017.10.28"]
[Round "2.1"]
[White "Sauer, Tim"]
[Black "Ahlers, Quentin"]
[Result "1-0"]
[WhiteElo "1185"]
[BlackElo "796"]
[PlyCount "43"]
[EventDate "2017.10.28"]
[EventType "swiss"]
[EventRounds "11"]
[EventCountry "GER"]
[SourceTitle "EXT 2022"]
[Source "ChessBase"]
[SourceDate "2021.10.06"]
[SourceVersion "1"]
[SourceVersionDate "2021.10.06"]
[SourceQuality "1"]

1. d4 d5 2. Nf3 Nc6 3. e3 e6 4. Bd3 Bd6 5. Nbd2 Nge7 6. c3 0-0 7. Qc2 g6 8. e4 dxe4 9. Nxe4 Re8 10. Nf6+ Kf8 11. Nxe8 Qxe8 12. Bh6+ Kg8 13. 0-0-0 Kh8 14. h4 Ng8 15. Qd2 a5 16. h5 Nf6 17. hxg6 fxg6 18. Qg5 Be7 19. Qh4 e5 20. Bg5 Qf8 21. Bxf6+ Bxf6 22. Qxh7# 1-0